000 00307nam a22001337a 4500
008 180125b xxu||||| |||| 00| 0 eng d
020 _a9780962825422
041 _aeng
080 _a159.9
100 _a48
101 _aPSI
245 _aFamily desk reference to psychology
_cFalcon,C.T
942 _2udc
_cBK
999 _c40921
_d40921